000 00525nam a2200205Ia 4500
008 170918s9999 xx 000 0 und d
020 _a9780439557177
050 _bT365 2004
100 _aThaler, Mike
245 4 _aThe science fair from black lagoon /
245 _cby Mike Thaler ; illustrated by Jared Lee.
260 _aNew York :
260 _bScholastic,
260 _c2004
300 _a64 pages :
300 _billustrations ;
300 _c19cm.
300 _eBlack lagoon adventures.
500 _a670
999 _c343256
_d343256